书目信息 |
| 题名: |
老年社会保障读本
|
|
| 作者: | 宋宝安 主编 | |
| 分册: | ||
| 出版信息: | 北京 学习出版社 2017.01 |
|
| 页数: | 249页 | |
| 开本: | 24cm | |
| 丛书名: | 金色年华读本 | |
| 单 册: | ||
| 中图分类: | D669.6 | |
| 科图分类: | ||
| 主题词: | 老年人--lao nian ren--社会保障--研究--中国 | |
| 电子资源: | ||
| ISBN: | 978-7-5147-0679-6 | |
| 000 | 01005nam 2200277 450 | |
| 001 | CAL 003391299 | |
| 005 | 20171211152545.34 | |
| 010 | @a978-7-5147-0679-6@b@dCNY38.00 | |
| 100 | @a20170420d2017 em y0chiy50 ea | |
| 101 | 0 | @achi@eeng |
| 102 | @aCN@b110000 | |
| 105 | @aa z 000yy | |
| 106 | @ar | |
| 200 | 1 | @a老年社会保障读本@Alao nian she hui bao zhang du ben@f宋宝安主编@g |
| 210 | @a北京@c学习出版社@d2017.01 | |
| 215 | @a249页@c图@d24cm | |
| 225 | 2 | @a金色年华读本@Ajin se nian hua du ben |
| 330 | @a本书首先交代了国内外社会保障事业的由来和发展, 充分论证其重要性后, 对老年社会保障的分类和实现方式作了介绍。在探讨了社会保障基金运作方面相关问题之后, 又研究了我国及世界其他主要国家的养老保障制度的发展现状。 | |
| 410 | 0 | @12001 @a金色年华读本 |
| 606 | 0 | @a老年人@Alao nian ren@x社会保障@x研究@y中国 |
| 690 | @aD669.6@v5 | |
| 701 | 0 | @a宋宝安@Asong bao an@4主编 |
| 801 | 0 | @aCN@b人天书店@c20170420@g |
| 905 | @aBZT@dD669.6@e10 | |
| 906 | @dCNY38.00@n3@r1 | |
| 969 | @aBKAA@bBKAA | |
| 老年社会保障读本/宋宝安主编.-北京:学习出版社,2017.01 |
| 249页:图;24cm.-(金色年华读本) |
| ISBN 978-7-5147-0679-6:CNY38.00 |
| 本书首先交代了国内外社会保障事业的由来和发展, 充分论证其重要性后, 对老年社会保障的分类和实现方式作了介绍。在探讨了社会保障基金运作方面相关问题之后, 又研究了我国及世界其他主要国家的养老保障制度的发展现状。 |
| ● |
| 相关链接 |
|
|
|
正题名:老年社会保障读本
索取号:D669.6/10
 
预约/预借
| 序号 | 登录号 | 条形码 | 馆藏地/架位号 | 状态 | 备注 |
| 1 | 839945 | 2000839945 | 第二书库/ [索取号:D669.6/10] | 在馆 | |
| 2 | 839946 | 2000839946 | 第二书库/ [索取号:D669.6/10] | 在馆 | |
| 3 | 839947 | 2000839947 | 第二书库/ [索取号:D669.6/10] | 在馆 |